50 Famous Faces Quiz Stats

 Plays Quiz Updated Oct 27, 2015

Challenge
Share
Tweet
Score 0/50 Timer 10:00
21 Plays Today
% Correct
Bob Marley
93.6%
Bill Gates
93.2%
Michelle Obama
92.6%
Marilyn Monroe
86.2%
Diana, Princess of Wales
85.1%
Nelson Mandela
84%
Tina Fey
77.5%
Simon Cowell
75%
Margaret Thatcher
74.7%
Bruce Lee
73.7%
Audrey Hepburn
72.7%
Jerry Seinfeld
71.6%
Fidel Castro
69.8%
Jennifer Lawrence
69.2%
Josef Stalin
68.6%
Al Capone
64.4%
Groucho Marx
61.9%
Walt Disney
59.2%
Johnny Cash
55.6%
Salvador Dalí
54.3%
Yasser Arafat
54%
J.K. Rowling
53.8%
Sarah Silverman
53.7%
Susan Boyle
52.6%
Mark Twain
52.6%
% Correct
Steve McQueen
49.1%
Charles Barkley
49%
Mikhail Gorbachev
48.9%
Zooey Deschanel
48.4%
Cristiano Ronaldo
47.8%
Luciano Pavarotti
47.4%
Johnny Carson
42.4%
Tony Hawk
39.2%
Sophia Loren
37.7%
Amelia Earhart
34.6%
Walter Cronkite
32.7%
Vince Lombardi
32.1%
Boris Becker
30.5%
Ernest Hemingway
29.9%
Jeff Gordon
27.7%
Gene Kelly
27.7%
Michael Palin
26.4%
Steffi Graf
25.5%
Sir Alex Ferguson
23.5%
Kristi Yamaguchi
22.3%
Richard Burton
22.1%
Kurt Vonnegut
18.4%
Henry Ford
17.4%
Lech Walesa
16.7%
David Lynch
12.9%

You're not logged in!

Compare scores with friends on all Sporcle quizzes.
Join for Free
OR
Log In

You Might Also Like...

Show Comments

Extras

Top Quizzes Today


Score Distribution

Your Account Isn't Verified!

In order to create a playlist on Sporcle, you need to verify the email address you used during registration. Go to your Sporcle Settings to finish the process.

Report this User

Report this user for behavior that violates our Community Guidelines.

Details: